000 00407nam a22001697a 4500
999 _c560
_d560
005 20210902102545.0
008 160511b xxu||||| |||| 00| 0 eng d
020 _a81-259-1612-1
041 _aeng
082 _b1292
_a657.046
100 _aMaheshwari, S N
_96850
245 _aAdvanced accounting (Vol-II)
260 _bUSB Publication
_c1985
300 _a3.324
650 _aManagement
_9241
942 _cBK